000 00520nam a2200181Ia 4500
003 GCL
005 20240530095920.0
008 140319s9999 xx 000 0 eng d
040 _aGCL /
_cGCL
082 0 4 _a780.94
100 1 _aGILLIAM, BRYAN
245 1 0 _aMUSIC AND PERFORMANCE DURING THE WEIMAR REPUBLIC /
_cGILLIAM, BRYAN
260 _a[S.N] :
_bCAMBRIBGE UNIVERSITY PRESS ،
_c1994
300 _a220P
650 0 4 _aMUSIC - GERMANY, 20TH CENTURY
650 0 4 _aPERFORMANCE PRACTICE GERMANY 2
942 _2ddc
_cBK
999 _c12052
_d12052